Logo BPK

Biblioteka

Politechniki Koszalińskiej

Kopier und Vervielfältigungsverfahren in der Informationen und Dokumentationen / (Rekord nr 8366)

Szczegóły MARC
000 -ETYKIETA REKORDU
podpole kontrolne o stałej długości 00508nam a2200169 i 4500
001 - NUMER KONTROLNY REKORDU
pole kontrolne bg
040 ## - ŹRÓDŁO KATALOGOWANIA
Instytucja, która utworzyła rekord BPK
041 ## - KOD JĘZYKA
Kod języka tekstu pol
080 ## - UNIWERSALNA KLASYFIKACJA DZIESIĘTNA - UKD
UKD 778.1:651.925
008 - POLE O STAŁEJ DŁUGOŚCI - DANE KONTROLNE
podpole kontrolne o stałej długości s pl f |000 0 pol
100 1# - NAZWA OSOBOWA
Nazwa osobowa FÖLLMER, Johannes
245 #0 - TYTUŁ/ODPOWIEDZIALNOŚĆ
Tytuł Kopier und Vervielfältigungsverfahren in der Informationen und Dokumentationen /
Pozostałe elementy strefy tytułu i oznaczenia odpowiedzialności Johannes Fölmer, Karl Bartusch.
260 ## - STREFA ADRESU WYDAWNICZEGO
Miejsce wydania Leipzig :
Nazwa wydawcy/dystrybutora VEB Bibliographisches Instytut,
Data publikacji, dystrybucji/powstania dokumentu 1967.
300 ## - STREFA OPISU FIZYCZNEGO
Objętość s. 101 :
Inne cechy fizyczne ilustr.
700 1# - HASŁO DODATKOWE - NAZWA OSOBOWA
Nazwa osobowa BARTUSCH, Karl
856 ## - LOKALIZACJA I DOSTĘP DO ELEKTRONICZNYCH DOKUMENTÓW ZDALNYCH
Link (URL) http://koha.tu.koszalin.pl/cgi-bin/koha/opac-detail.pl?biblionumber=8366
Tekst linku Katalog online BPK
942 ## - DODATKOWE ELEMENTY (KOHA)
Typ dokumentu Książka
Egzemplarze
Wycofany Status egzemplarza Uszkodzony Dostępność Kolekcja Lokalizacja stała Lokalizacja bieżąca Miejsce przechowywania Sygnatura Kod kreskowy Typ dokumentu
      Dostępny Bibliotekarstwo Biblioteka Politechniki Koszalińskiej Biblioteka Politechniki Koszalińskiej Wypożyczalnia BG 5002 01326826 Książka
© 2023 Biblioteka Politechniki Koszalińskiej :: KOHA